Cours de linguistique générale /

Curso de lingüística general, impartido por el suizo Ferdinand de Saussure (1857-1913) durante los años 1907-1911 en la Universidad de Ginebra, que supone el nacimiento de la lingüística contemporánea. Charles Bally y Albert Sechehaye, discípulos del suizo, tomaron las notas y apuntes de alumnos com...

Mô tả đầy đủ

Đã lưu trong:
Chi tiết về thư mục
Tác giả chính: Saussure, Ferdinand de (autor)
Tác giả khác: Bally, Charles (edición) (edición), Sechehaye, Albert (edición) (edición), Riedlinger, Albert (colaboración) (colaboración), Mauro, Tullio de (edición) (edición)
Định dạng: Sách
Ngôn ngữ:Tiếng Pháp
Được phát hành: París, Francia : Payot, 1980, c1972
Phiên bản:Nueva ed.
Loạt:(Payothèque)
Những chủ đề:
Các nhãn: Thêm thẻ
Không có thẻ, Là người đầu tiên thẻ bản ghi này!

MARC

LEADER 00000nam^a2200000^a^4500
001 000146441
005 20250521000000.0
009 20260310095911.651
020 |a 2-228-50069-0 
037 |a Acervo ITESO - Biblioteca 
041 |a FRA 
082 |a 400.  |b SAU 
100 |a Saussure, Ferdinand de  |e (autor) 
240 1 1 |a [Curso de lingüística general] 
245 1 0 |a Cours de linguistique générale /  |c F. de Saussure ; pref. y publicación por C. Bally, A. Sechehaye ; colaboración de A. Riedlinger ; ed. e introd. de T. de Mauro. 
250 |a Nueva ed. 
264 4 |a París, Francia :  |b Payot,  |c 1980, c1972 
300 |a XVIII, 509 p. 
336 |a texto  |b txt  |2 rdacontenido 
337 |a sin mediación  |b n  |2 rdamedio 
338 |a volumen  |b nc  |2 rdasoporte 
440 1 |a (Payothèque) 
520 |a Curso de lingüística general, impartido por el suizo Ferdinand de Saussure (1857-1913) durante los años 1907-1911 en la Universidad de Ginebra, que supone el nacimiento de la lingüística contemporánea. Charles Bally y Albert Sechehaye, discípulos del suizo, tomaron las notas y apuntes de alumnos como punto de partida y publicaron en 1916, con la colaboración de Albert Riedlinger, el curso. De Saussure define en esta obra conceptos clave por vez primera en la historia, a los que les adjudica una acepción determinada, avalada posteriormente por la lingüística: sincronía, diacronía, lengua, lenguaje, habla, signo, significado, significante, etcétera. Se trata de una obra con una influencia central en el desarrollo de las ciencias humanas, cuya importancia para la cultura del siglo XX ha sido comparada con la que tienen el pensamiento de Sigmund Freud y el de Karl Marx. 
649 |a XX 
650 |a Lingüística 
700 |a Bally, Charles  |e (edición) 
700 |a Sechehaye, Albert  |e (edición) 
700 |a Riedlinger, Albert  |e (colaboración) 
700 |a Mauro, Tullio de  |e (edición) 
910 |a Fondo Armando Suárez Gómez 
920 |a Impresos - Libros 
930 |a Fondos Especiales 
905 |a 111 
901 |a 0700007008  |b IT2  |c ESP  |u 20250521 
902 |a https://opac.biblio.iteso.mx/vufind/Record/000146441